SAM : Suport a la Gestió Ambiental d'Activitats en el Municipi Suport a la Gestió Ambiental d'Activitats en el Municipi
Descripción Física:
1 voum : il·lustracions, periodicitat irregular ; 30 cm
Idioma:
Catalán
MARC
| LEADER | 00000nas a2200000 a 4500 | ||
|---|---|---|---|
| 001 | 13407 | ||
| 003 | AGDB | ||
| 005 | 20260324175629.0 | ||
| 008 | 160829d19982007spc x p s0 a0cat c | ||
| 017 | |a DL B 15763-1998 | ||
| 040 | |a agdb |b cat | ||
| 245 | |a SAM : |b Suport a la Gestió Ambiental d'Activitats en el Municipi | ||
| 260 | |a Barcelona : |b Diputació de Barcelona, Servei del Medi Ambient, |c 1998-2007 | ||
| 300 | |a 1 voum : |b il·lustracions, periodicitat irregular ; |c 30 cm | ||
| 500 | |a Periodicitat irregular | ||
| 500 | |a Variant del títol: Butlletí Programa SAM | ||
| 500 | |a Inclou legislació. | ||
| 500 | |a A partir del 2008, s'integra dins de la nova col·lecció Documents de Treball. Sèrie Medi Ambient | ||
| 650 | |a Medi ambient |9 35831 | ||
| 650 | |a Gestió ambiental |9 35832 | ||
| 650 | |a Reciclatge (Residus, etc.) |9 35833 | ||
| 655 | 0 | |9 55823 |a Revistes | |
| 942 | |n 1 |2 udc |c REV | ||
| 952 | |0 0 |1 0 |4 0 |6 REV507 |7 1 |9 47093 |a Arxiu |b Arxiu |d 2016-12-01 |h 1 (maig 1998) - 6 (desembre 2001) |o Rev-507 |p 13407 |r 2016-12-01 00:00:00 |w 2016-12-01 |y ARXIU | ||
| 999 | |c 50887 |d 50887 | ||